Príklad na vyplnenie daňového priznania k DPH a KV v roku 2016

Do daňového priznania k DPH sa uvádzajú iba tie zdaniteľné obchody, pri ktorých vznikla povinnosť platiť daň v tuzemsku, t.j. s miestom dodania v tuzemsku. Zdaniteľné obchody s miestom dodania mimo tuzemska sa do daňového priznania neuvádzajú. Príklad na vyplnenie daňového priznania za zdaňovacie ob...

Full description

Saved in:
Bibliographic Details
Main Author: Rabatinová, Marcela, 1977-
Format: Book Chapter
Language:Slovak
Subjects:
Tags: Add Tag
No Tags, Be the first to tag this record!

MARC

LEADER 00000naa a2200000 4500
001 0225535
005 20240502073711.0
041 0 |a slo 
044 |a SK 
245 1 0 |a Príklad na vyplnenie daňového priznania k DPH a KV v roku 2016  |c Marcela Rabatinová 
520 |a Do daňového priznania k DPH sa uvádzajú iba tie zdaniteľné obchody, pri ktorých vznikla povinnosť platiť daň v tuzemsku, t.j. s miestom dodania v tuzemsku. Zdaniteľné obchody s miestom dodania mimo tuzemska sa do daňového priznania neuvádzajú. Príklad na vyplnenie daňového priznania za zdaňovacie obdobie 2. štvrťrok 2016. 
610 2 0 |a priznania daňové 
610 2 0 |a dane z hodnoty pridanej 
610 2 0 |a dodávatelia 
610 2 0 |a odberatelia 
610 2 0 |a obchod 
100 1 |a Rabatinová, Marcela, 1977-